00578nam a2200145 a 4500003000200000005001700002008004100019050002900060100001900089245013000108260009000238300004000328504004100368650002300409020250508144653.0970101s19uu xx 00 eng d aPHS LB 3012.3b.G74 2004 aGregorio, Jan. aA Comparative study of the perceptions of male and female teachers of Ann Arbor Montesorri High School regarding decipline / aLas Piñas City, Philippines :bSouthville International School and Colleges,c2004. a30 pages :billustrations ;c28 cm. aIncludes bibliographical references. aSchool discipline.